| 000 | 00526cam a2200145 4500500 | ||
|---|---|---|---|
| 005 | 20260405003228.0 | ||
| 041 | _afre | ||
| 042 | _adc | ||
| 100 | 1 | 0 |
_aLanghade, Jacques _eauthor |
| 245 | 0 | 0 | _aJean-François Bayart , L’islam républicain , Ankara, Téhéran, Dakar. Albin Michel, 2010, 428 pages, 24 € |
| 260 | _c2010. | ||
| 500 | _a14 | ||
| 786 | 0 | _nÉtudes | Tom 413 | 11 | 2010-10-29 | p. XXIV-XXIV | 0014-1941 | |
| 856 | 4 | 1 | _uhttps://shs.cairn.info/revue-etudes-2010-11-page-XXIV?lang=fr&redirect-ssocas=7080 |
| 999 |
_c2065553 _d2065553 |
||